Right and Prejudice : (Record no. 618368)

MARC details
000 -LEADER
fixed length control field 00493nam a2200193 a 4500
008 - FIXED-LENGTH DATA ELEMENTS--GENERAL INFORMATION
fixed length control field 260330s2004##################000#0#eng##
020 ## - INTERNATIONAL STANDARD BOOK NUMBER
ISBN 9780754623977
082 04 - DEWEY DECIMAL CLASSIFICATION NUMBER
Classification number 340.1
Item number TON
100 1# - MAIN ENTRY--AUTHOR NAME
Personal name Tontti, Jarkko,
245 10 - TITLE STATEMENT
Title Right and Prejudice :
260 ## - PUBLICATION, DISTRIBUTION, ETC. (IMPRINT)
Name of publisher Ashgate Pub Limited,
Year of publication 2004.
300 ## - PHYSICAL DESCRIPTION
Number of Pages 204 pages
650 #0 - SUBJECT ADDED ENTRY--TOPICAL TERM
Topical Term Philosophy.
942 ## - ADDED ENTRY ELEMENTS (KOHA)
Koha item type English Books
Holdings
Withdrawn status Lost status Damaged status Not for loan Home library Current library Shelving location Date acquired Full call number Accession Number Price effective from Koha item type
        Anna Centenary Library Anna Centenary Library 4TH FLOOR, A WING 30.03.2026 340.1 TON 377824 30.03.2026 English Books

Find us on the map